00667nam a2200241 a 4500001001300000003000900013005001700022008004100039020001000080082001600090100001900106245003700125260003000162300000900192500003500201505001000236650001600246700001900262902000800281942000700289952011600296999001300412nice12345678IN_TiNIC20260116011327.0050524s1964 leia grp 000 0 eng  ac10000a418.02bNID aNida, Eugene A aTowards a Science of Translating aLeidenbE. J. Brillc1964 a231p aincludes index and biblioraphy2 aIndex aTranslating1 aNida, Eugene A bSRS cBK 001040708StackRoom-aHMIbHMId2007-06-06g100.00l0o418.02 NIDp03816r2007-06-06v100.00w2005-05-24yBK c540d540